000 00253nam a2200097Ia 4500
008 230915s9999 xx 000 0 und d
050 _aPL 8703.5 .N526 1999
100 _aNJOGU, KIMANI
245 0 _aUFUNDISHAJI WA FASIHI: NADHARIA NA MBINU
942 _cBK
999 _c176110
_d176110